[Event "WCO 2016"]
[Site "?"]
[Date "2016.09.09"]
[Round "7"]
[Board "5"]
[WhiteID "14100126"]
[White "Shvayger Yuliya"]
[BlackID "4132190"]
[Black "Zimina Olga"]
[Result "1-0"]
[BlackElo "2389"]
[WhiteElo "2408"]
[LiveChessVersion "1.4.8"]

1. e4 {[%clk 1:30:57]} e5 {[%clk 1:30:53]} 2. Nf3 {[%clk 1:31:12]} Nc6
{[%clk 1:31:18]} 3. Nc3 {[%clk 1:31:34]} Nf6 {[%clk 1:31:42]} 4. Bb5
{[%clk 1:31:53]} Bd6 {[%clk 1:30:50]} 5. d3 {[%clk 1:31:04]} O-O {[%clk 1:31:10]}
6. a3 {[%clk 1:29:03]} h6 {[%clk 1:29:54]} 7. g4 {[%clk 1:19:38]} Nh7
{[%clk 1:15:04]} 8. Be3 {[%clk 1:08:43]} Ne7 {[%clk 1:12:24]} 9. g5
{[%clk 1:00:05]} c6 {[%clk 1:09:41]} 10. Ba4 {[%clk 0:58:35]} h5 {[%clk 1:07:52]}
11. d4 {[%clk 0:52:57]} Ng6 {[%clk 1:02:48]} 12. Bb3 {[%clk 0:41:55]} Qe7
{[%clk 0:47:27]} 13. dxe5 {[%clk 0:29:10]} Nxe5 {[%clk 0:46:26]} 14. Nh4
{[%clk 0:26:13]} g6 {[%clk 0:36:32]} 15. f4 {[%clk 0:25:54]} Re8 {[%clk 0:26:02]}
16. fxe5 Bxe5 {[%clk 0:26:28]} 17. Bd4 {[%clk 0:14:49]} d5 {[%clk 0:24:54]} 18.
Bxe5 Qxe5 {[%clk 0:25:12]} 19. O-O {[%clk 0:10:52]} Bh3 {[%clk 0:15:17]} 20. Ng2
{[%clk 0:10:42]} Nxg5 {[%clk 0:14:31]} 21. exd5 {[%clk 0:10:22]} Rad8
{[%clk 0:10:35]} 22. Qd2 {[%clk 0:09:31]} Bxg2 {[%clk 0:05:03]} 23. Qxg2
{[%clk 0:09:41]} cxd5 {[%clk 0:04:55]} 24. Nxd5 {[%clk 0:08:15]} Kg7
{[%clk 0:05:01]} 25. Kh1 {[%clk 0:08:22]} Rd6 {[%clk 0:04:10]} 26. Rad1
{[%clk 0:07:01]} h4 {[%clk 0:04:05]} 27. Qg4 {[%clk 0:05:27]} Ne4
{[%clk 0:02:49]} 28. Qf4 {[%clk 0:04:14]} Qxf4 {[%clk 0:02:22]} 29. Rxf4
{[%clk 0:04:39]} g5 {[%clk 0:02:43]} 30. Rff1 {[%clk 0:04:46]} Re5
{[%clk 0:02:01]} 31. Kg1 {[%clk 0:03:58]} Nc5 {[%clk 0:01:41]} 32. Nc3
{[%clk 0:03:53]} Rxd1 {[%clk 0:00:59]} 33. Rxd1 {[%clk 0:04:17]} b6
{[%clk 0:01:08]} 34. Rd5 {[%clk 0:04:07]} Rxd5 {[%clk 0:01:11]} 35. Bxd5
{[%clk 0:04:34]} Nd7 {[%clk 0:01:13]} 36. h3 {[%clk 0:04:07]} Ne5
{[%clk 0:01:30]} 37. Nb5 {[%clk 0:04:07]} a5 {[%clk 0:01:17]} 38. Nd6
{[%clk 0:03:56]} Kg6 {[%clk 0:00:53]} 39. Nc4 {[%clk 0:04:05]} Nxc4
{[%clk 0:00:50]} 40. Bxc4 {[%clk 0:34:33]} f5 {[%clk 0:30:58]} 41. Bd3
{[%clk 0:34:42]} Kf6 {[%clk 0:31:24]} 42. Kg2 {[%clk 0:31:09]} Ke5
{[%clk 0:28:18]} 43. Kf3 {[%clk 0:31:12]} Kf6 {[%clk 0:28:29]} 44. a4
{[%clk 0:31:30]} Ke5 {[%clk 0:28:45]} 45. c3 {[%clk 0:31:50]} Ke6
{[%clk 0:28:33]} 46. b4 {[%clk 0:31:14]} Ke5 {[%clk 0:23:54]} 47. bxa5
{[%clk 0:31:32]} bxa5 {[%clk 0:21:38]} 48. Bb1 {[%clk 0:31:54]} Ke6
{[%clk 0:22:00]} 49. c4 {[%clk 0:32:00]} Ke5 {[%clk 0:21:50]} 50. c5
{[%clk 0:32:16]} 1-0

[Event "WCO 2016"]
[Site "?"]
[Date "2016.09.09"]
[Round "7"]
[Board "6"]
[WhiteID "822590"]
[White "Brunello Marina"]
[BlackID "2810964"]
[Black "Efroimski Marsel"]
[Result "1/2-1/2"]
[BlackElo "2322"]
[WhiteElo "2376"]
[LiveChessVersion "1.4.8"]

1. e4 {[%clk 1:30:57]} c5 {[%clk 1:30:57]} 2. Nf3 {[%clk 1:31:20]} d6
{[%clk 1:31:24]} 3. d4 {[%clk 1:31:44]} cxd4 {[%clk 1:31:51]} 4. Nxd4
{[%clk 1:32:06]} Nf6 {[%clk 1:32:19]} 5. Nc3 {[%clk 1:32:27]} Nc6
{[%clk 1:32:41]} 6. Be2 {[%clk 1:32:49]} e5 {[%clk 1:33:06]} 7. Nf3
{[%clk 1:33:07]} h6 {[%clk 1:33:31]} 8. O-O {[%clk 1:32:54]} Be7 {[%clk 1:33:59]}
9. Re1 {[%clk 1:33:04]} O-O {[%clk 1:34:24]} 10. h3 {[%clk 1:33:28]} a6
{[%clk 1:34:50]} 11. Bf1 {[%clk 1:33:53]} Qc7 {[%clk 1:34:12]} 12. Nh2
{[%clk 1:34:07]} Bd8 {[%clk 1:34:31]} 13. Ng4 {[%clk 1:31:57]} Nxg4
{[%clk 1:34:57]} 14. hxg4 {[%clk 1:32:23]} Qd7 {[%clk 1:35:15]} 15. Be2
{[%clk 1:30:12]} Nd4 {[%clk 1:31:09]} 16. Be3 {[%clk 1:29:15]} Nxe2+
{[%clk 1:26:56]} 17. Rxe2 {[%clk 1:29:24]} Qxg4 {[%clk 1:25:51]} 18. Qxd6
{[%clk 1:27:30]} Be6 {[%clk 1:15:41]} 19. Rd2 {[%clk 1:20:46]} Rc8
{[%clk 1:09:15]} 20. f3 {[%clk 1:04:31]} Qh5 {[%clk 0:59:56]} 21. Nd5
{[%clk 0:54:06]} Bxd5 {[%clk 0:54:02]} 22. Qxd5 {[%clk 0:51:14]} Bg5
{[%clk 0:52:01]} 23. Bxg5 {[%clk 0:49:12]} Qxg5 {[%clk 0:52:05]} 24. Rad1
{[%clk 0:49:32]} Rc6 {[%clk 0:35:56]} 25. c3 {[%clk 0:45:09]} Qe3+
{[%clk 0:30:03]} 26. Kh1 {[%clk 0:36:46]} Rg6 {[%clk 0:23:50]} 27. Qd3
{[%clk 0:34:30]} Qf4 {[%clk 0:20:45]} 28. Kg1 {[%clk 0:26:39]} Rg5
{[%clk 0:17:45]} 29. Rf2 {[%clk 0:25:38]} Rh5 {[%clk 0:12:37]} 30. a3
{[%clk 0:21:41]} Rh2 {[%clk 0:05:36]} 31. Kf1 {[%clk 0:09:17]} Qg3
{[%clk 0:05:07]} 32. Qe3 {[%clk 0:09:41]} Rh1+ {[%clk 0:04:30]} 33. Ke2
{[%clk 0:09:52]} Rh2 {[%clk 0:04:44]} 34. Kf1 {[%clk 0:10:04]} Re8
{[%clk 0:03:11]} 35. Qc5 {[%clk 0:07:35]} Rh1+ {[%clk 0:01:53]} 36. Ke2
{[%clk 0:08:02]} Rh2 {[%clk 0:01:59]} 37. Kf1 {[%clk 0:08:09]} Rh1+
{[%clk 0:01:20]} 38. Ke2 {[%clk 0:08:35]} Rh2 {[%clk 0:00:38]} 1/2-1/2

[Event "WCO 2016"]
[Site "?"]
[Date "2016.09.09"]
[Round "7"]
[Board "7"]
[WhiteID "2802015"]
[White "Klinova Masha"]
[BlackID "875813"]
[Black "Di Benedetto Desiree"]
[Result "1/2-1/2"]
[BlackElo "2183"]
[WhiteElo "2290"]
[LiveChessVersion "1.4.8"]

1. e4 {[%clk 1:30:59]} c5 {[%clk 1:30:38]} 2. Nf3 {[%clk 1:30:51]} Nc6
{[%clk 1:31:05]} 3. Bb5 {[%clk 1:30:41]} g6 {[%clk 1:30:55]} 4. O-O
{[%clk 1:30:33]} Bg7 {[%clk 1:31:03]} 5. Bxc6 {[%clk 1:29:50]} bxc6
{[%clk 1:30:51]} 6. c3 {[%clk 1:27:33]} Nf6 {[%clk 1:29:32]} 7. Re1
{[%clk 1:25:54]} O-O {[%clk 1:27:47]} 8. e5 {[%clk 1:21:17]} Nd5 {[%clk 1:21:31]}
9. c4 {[%clk 1:17:07]} Nc7 {[%clk 1:09:59]} 10. Nc3 {[%clk 1:02:31]} Ne6
{[%clk 0:52:17]} 11. d4 {[%clk 0:48:50]} cxd4 {[%clk 0:45:20]} 12. Nxd4
{[%clk 0:49:15]} Nxd4 {[%clk 0:34:10]} 13. Qxd4 {[%clk 0:48:18]} d6
{[%clk 0:30:28]} 14. Bf4 {[%clk 0:39:28]} dxe5 {[%clk 0:24:11]} 15. Qxd8
{[%clk 0:39:50]} Rxd8 {[%clk 0:24:40]} 16. Bxe5 {[%clk 0:40:14]} Bh6
{[%clk 0:23:24]} 17. Ne4 {[%clk 0:32:35]} f6 {[%clk 0:20:02]} 18. Bc3
{[%clk 0:32:28]} Kf7 {[%clk 0:19:14]} 19. Rad1 {[%clk 0:30:46]} Bf5
{[%clk 0:16:43]} 20. f3 {[%clk 0:29:04]} Be3+ {[%clk 0:10:21]} 21. Kf1
{[%clk 0:25:57]} Bb6 22. b3 {[%clk 0:20:58]} Bc7 {[%clk 0:05:19]} 23. h3
{[%clk 0:18:27]} Rxd1 {[%clk 0:04:29]} 24. Rxd1 {[%clk 0:18:52]} Bxe4
{[%clk 0:03:56]} 25. fxe4 {[%clk 0:19:16]} Ke6 {[%clk 0:04:11]} 26. Ke2
{[%clk 0:19:32]} Rb8 {[%clk 0:04:08]} 27. Ke3 {[%clk 0:15:59]} h5
{[%clk 0:02:59]} 28. b4 {[%clk 0:10:39]} Bd6 {[%clk 0:02:31]} 29. Rb1
{[%clk 0:09:27]} a6 {[%clk 0:02:13]} 30. a4 {[%clk 0:09:16]} f5 {[%clk 0:00:59]}
31. b5 {[%clk 0:05:45]} cxb5 {[%clk 0:01:28]} 32. cxb5 {[%clk 0:04:57]} axb5
{[%clk 0:01:55]} 33. Rxb5 {[%clk 0:04:10]} f4+ {[%clk 0:01:41]} 34. Kf3
{[%clk 0:02:49]} Rxb5 {[%clk 0:00:56]} 35. axb5 {[%clk 0:03:14]} g5
{[%clk 0:01:01]} 36. b6 {[%clk 0:02:53]} Bb8 {[%clk 0:01:03]} 37. b7
{[%clk 0:02:04]} Bc7 {[%clk 0:00:42]} 38. Be1 {[%clk 0:01:24]} Kd7
{[%clk 0:00:47]} 39. Bc3 {[%clk 0:01:07]} e5 {[%clk 0:00:58]} 40. Bb4
{[%clk 0:31:24]} Ke6 {[%clk 0:30:39]} 41. Bc5 {[%clk 0:30:55]} Bb8
{[%clk 0:30:28]} 42. Bf8 {[%clk 0:29:03]} 1/2-1/2

[Event "WCO 2016"]
[Site "?"]
[Date "2016.09.09"]
[Round "7"]
[Board "8"]
[WhiteID "850810"]
[White "Santeramo Alessia"]
[BlackID "2807602"]
[Black "Gutmakher Olga"]
[Result "0-1"]
[BlackElo "2216"]
[WhiteElo "2001"]
[LiveChessVersion "1.4.8"]

1. e4 {[%clk 1:30:58]} c5 {[%clk 1:30:52]} 2. Nf3 {[%clk 1:31:18]} Nc6
{[%clk 1:31:12]} 3. d4 {[%clk 1:31:21]} cxd4 {[%clk 1:31:32]} 4. Nxd4
{[%clk 1:31:43]} Nf6 {[%clk 1:31:56]} 5. Nc3 {[%clk 1:32:06]} e6 {[%clk 1:32:05]}
6. g3 {[%clk 1:19:46]} Bb4 {[%clk 1:25:34]} 7. Bg2 {[%clk 1:19:36]} Qa5
{[%clk 1:19:22]} 8. Nde2 {[%clk 1:05:30]} a6 {[%clk 1:13:44]} 9. O-O
{[%clk 1:05:33]} h5 {[%clk 1:12:50]} 10. h3 {[%clk 0:57:23]} h4 {[%clk 1:09:38]}
11. g4 {[%clk 0:57:29]} Ne5 {[%clk 1:04:26]} 12. Bf4 {[%clk 0:34:51]} Nfxg4
{[%clk 0:58:07]} 13. hxg4 {[%clk 0:32:56]} h3 {[%clk 0:58:14]} 14. Bh1
{[%clk 0:33:19]} h2+ {[%clk 0:54:35]} 15. Kg2 {[%clk 0:32:07]} Nxg4
{[%clk 0:52:48]} 16. Ng3 {[%clk 0:32:13]} Nf6 {[%clk 0:49:43]} 17. Qf3
{[%clk 0:25:30]} d6 {[%clk 0:40:38]} 18. Bd2 {[%clk 0:18:34]} e5 {[%clk 0:33:53]}
19. Nf5 {[%clk 0:17:30]} Bxf5 20. exf5 {[%clk 0:14:50]} Qc7 {[%clk 0:27:56]} 21.
Rfe1 {[%clk 0:10:23]} O-O-O {[%clk 0:24:57]} 22. Nd5 {[%clk 0:06:55]} Nxd5
{[%clk 0:21:01]} 23. Qxd5 {[%clk 0:07:21]} Bxd2 {[%clk 0:19:52]} 24. Qxd2
{[%clk 0:07:49]} Rh4 {[%clk 0:17:00]} 25. Re3 {[%clk 0:05:48]} Kb8
{[%clk 0:15:47]} 26. Kf1 {[%clk 0:03:31]} f6 {[%clk 0:13:05]} 27. Rc3
{[%clk 0:02:57]} Qd7 {[%clk 0:13:06]} 28. Qd5 {[%clk 0:03:06]} Rd4
{[%clk 0:12:25]} 29. Qb3 {[%clk 0:02:18]} Rh8 {[%clk 0:11:04]} 30. Re1
{[%clk 0:01:22]} Rhh4 {[%clk 0:10:00]} 31. Qg8+ {[%clk 0:01:44]} Ka7
{[%clk 0:10:20]} 32. Rb3 {[%clk 0:02:03]} Rb4 {[%clk 0:08:43]} 33. c3
{[%clk 0:02:19]} Qb5+ {[%clk 0:08:24]} 34. Re2 {[%clk 0:01:47]} Rhg4
{[%clk 0:08:13]} 35. Bg2 {[%clk 0:01:24]} Rxg2 {[%clk 0:07:25]} 36. Kxg2
{[%clk 0:01:45]} Rg4+ {[%clk 0:07:41]} 37. Kxh2 {[%clk 0:01:56]} Qxe2
{[%clk 0:07:18]} 38. Rxb7+ {[%clk 0:01:59]} Kxb7 {[%clk 0:07:34]} 39. Qd5+
{[%clk 0:01:47]} Kc7 {[%clk 0:07:21]} 40. Qf7+ {[%clk 0:32:12]} Kb6
{[%clk 0:37:18]} 41. Qb3+ {[%clk 0:31:46]} Qb5 {[%clk 0:37:32]} 42. Qd1
{[%clk 0:31:53]} Rc4 {[%clk 0:35:26]} 43. Qxd6+ {[%clk 0:32:08]} Qc6
{[%clk 0:35:19]} 44. Qb8+ {[%clk 0:32:04]} Kc5 {[%clk 0:34:45]} 45. Qa7+
{[%clk 0:30:01]} Kd5 {[%clk 0:34:42]} 46. Qxg7 {[%clk 0:30:00]} Rf4
{[%clk 0:31:10]} 47. Qg8+ {[%clk 0:28:49]} Kc5 {[%clk 0:30:39]} 48. Qf8+
{[%clk 0:26:43]} Kc4 {[%clk 0:29:34]} 49. Qg8+ {[%clk 0:26:25]} Kd3
{[%clk 0:29:04]} 50. Qg3+ {[%clk 0:25:46]} Qf3 {[%clk 0:29:14]} 0-1

[Event "WCO 2016"]
[Site "?"]
[Date "2016.09.09"]
[Round "7"]
[Board "5"]
[WhiteID "4900782"]
[White "Nomin-Erdene Davaademberel"]
[BlackID "13703544"]
[Black "Abdumalik Zhansaya"]
[Result "1-0"]
[BlackElo "2389"]
[WhiteElo "2422"]
[LiveChessVersion "1.4.8"]

1. e4 {[%clk 1:30:59]} c5 {[%clk 1:30:09]} 2. Nf3 {[%clk 1:31:20]} e6
{[%clk 1:29:49]} 3. d4 {[%clk 1:31:43]} cxd4 {[%clk 1:29:19]} 4. Nxd4
{[%clk 1:32:08]} a6 {[%clk 1:28:30]} 5. c4 {[%clk 1:32:32]} Nf6 {[%clk 1:27:06]}
6. Nc3 {[%clk 1:32:56]} Qc7 {[%clk 1:26:40]} 7. a3 {[%clk 1:33:11]} b6
{[%clk 1:24:06]} 8. Be3 {[%clk 1:32:40]} Bb7 {[%clk 1:23:16]} 9. f3
{[%clk 1:32:49]} d6 {[%clk 1:22:33]} 10. Be2 {[%clk 1:32:58]} Nbd7
{[%clk 1:22:22]} 11. Rc1 {[%clk 1:33:10]} Be7 {[%clk 1:21:03]} 12. b4
{[%clk 1:33:21]} h5 {[%clk 1:17:49]} 13. Qd2 {[%clk 1:21:41]} h4 {[%clk 1:16:14]}
14. Nb3 {[%clk 1:17:44]} h3 {[%clk 1:12:24]} 15. g3 {[%clk 1:16:23]} Rc8
{[%clk 1:11:25]} 16. Na4 {[%clk 1:01:56]} O-O {[%clk 0:57:56]} 17. c5
{[%clk 0:49:28]} dxc5 {[%clk 0:36:00]} 18. bxc5 {[%clk 0:47:52]} b5
{[%clk 0:36:13]} 19. Nb6 {[%clk 0:36:22]} Nxb6 {[%clk 0:34:44]} 20. cxb6
{[%clk 0:36:46]} Qb8 {[%clk 0:34:59]} 21. Nc5 {[%clk 0:32:08]} Rfd8
{[%clk 0:34:04]} 22. Qb2 {[%clk 0:30:57]} Bxc5 {[%clk 0:27:23]} 23. Rxc5
{[%clk 0:29:31]} Rxc5 {[%clk 0:24:56]} 24. Bxc5 {[%clk 0:29:55]} Nd7
{[%clk 0:24:36]} 25. Be3 {[%clk 0:24:00]} Bc6 {[%clk 0:19:41]} 26. Qd4
{[%clk 0:21:25]} e5 {[%clk 0:17:32]} 27. Qc3 {[%clk 0:21:26]} Rc8
{[%clk 0:15:00]} 28. Qa5 {[%clk 0:19:10]} Bb7 {[%clk 0:11:39]} 29. Kf2
{[%clk 0:16:12]} Nf6 {[%clk 0:09:33]} 30. Qb4 {[%clk 0:14:15]} Qa8
{[%clk 0:07:37]} 31. Rc1 {[%clk 0:11:11]} Rxc1 {[%clk 0:04:57]} 32. Bxc1
{[%clk 0:11:36]} Qc8 {[%clk 0:04:13]} 33. Be3 {[%clk 0:10:57]} Qc6
{[%clk 0:04:00]} 34. Qe7 {[%clk 0:10:40]} Nd7 {[%clk 0:02:00]} 35. Bd1
{[%clk 0:10:02]} Qe6 {[%clk 0:01:25]} 36. Qd8+ {[%clk 0:09:10]} Kh7
{[%clk 0:01:28]} 37. Qc7 {[%clk 0:05:15]} Qc6 {[%clk 0:00:53]} 38. Qxc6
{[%clk 0:05:23]} Bxc6 {[%clk 0:01:22]} 39. Bb3 {[%clk 0:05:46]} Nf6
{[%clk 0:00:40]} 40. Bxf7 {[%clk 0:35:55]} a5 {[%clk 0:30:41]} 41. Ke2
{[%clk 0:24:58]} Bb7 {[%clk 0:26:13]} 42. Be6 {[%clk 0:24:30]} Kg6
{[%clk 0:25:29]} 43. Bc5 {[%clk 0:22:57]} Ba6 {[%clk 0:20:25]} 44. Kd2
{[%clk 0:22:54]} Bb7 {[%clk 0:19:03]} 45. Be7 {[%clk 0:22:27]} Nh5
{[%clk 0:17:28]} 46. Bd5 {[%clk 0:21:47]} Ba6 {[%clk 0:13:33]} 47. b7
{[%clk 0:20:50]} Bxb7 {[%clk 0:14:01]} 48. Bxb7 {[%clk 0:21:12]} Nxg3
{[%clk 0:14:28]} 49. Bc8 {[%clk 0:17:44]} Nf1+ {[%clk 0:12:34]} 50. Ke2
{[%clk 0:18:08]} Ng3+ {[%clk 0:13:02]} 51. Kf2 {[%clk 0:18:19]} Nh5
{[%clk 0:13:29]} 52. Bd7 {[%clk 0:17:40]} b4 {[%clk 0:13:41]} 53. axb4
{[%clk 0:18:06]} axb4 {[%clk 0:14:04]} 54. Bxb4 {[%clk 0:18:30]} Nf4
{[%clk 0:14:28]} 55. Bd2 {[%clk 0:18:46]} Nd3+ {[%clk 0:14:30]} 56. Kg3
{[%clk 0:19:02]} Kf6 {[%clk 0:14:53]} 57. Kxh3 {[%clk 0:17:42]} Nc5
{[%clk 0:15:03]} 58. Bb5 {[%clk 0:17:58]} Ne6 {[%clk 0:15:13]} 59. Kg4
{[%clk 0:18:10]} Nd4 {[%clk 0:15:12]} 60. Bc4 {[%clk 0:17:36]} Nc2
{[%clk 0:14:37]} 61. Bg5+ {[%clk 0:17:12]} Kg6 {[%clk 0:15:00]} 62. Bg8
{[%clk 0:17:18]} 1-0

[Event "WCO 2016"]
[Site "?"]
[Date "2016.09.09"]
[Round "7"]
[Board "6"]
[WhiteID "13702971"]
[White "Dauletova Gulmira"]
[BlackID "4900839"]
[Black "Batchimeg Tuvshintugs"]
[Result "1-0"]
[BlackElo "2391"]
[WhiteElo "2275"]
[LiveChessVersion "1.4.8"]

1. e4 {[%clk 1:30:47]} e5 {[%clk 1:30:40]} 2. Nf3 {[%clk 1:30:56]} Nc6
{[%clk 1:31:02]} 3. Bb5 {[%clk 1:31:08]} a6 {[%clk 1:31:12]} 4. Ba4
{[%clk 1:31:28]} Nf6 {[%clk 1:31:26]} 5. O-O {[%clk 1:31:38]} Be7
{[%clk 1:30:44]} 6. Re1 {[%clk 1:31:50]} b5 {[%clk 1:31:02]} 7. Bb3
{[%clk 1:32:12]} d6 {[%clk 1:31:23]} 8. c3 {[%clk 1:32:32]} O-O {[%clk 1:31:47]}
9. h3 {[%clk 1:32:59]} Na5 {[%clk 1:28:35]} 10. Bc2 {[%clk 1:33:18]} c5
{[%clk 1:28:45]} 11. d4 {[%clk 1:33:09]} Qc7 {[%clk 1:29:05]} 12. d5
{[%clk 1:32:55]} c4 {[%clk 1:22:31]} 13. b4 {[%clk 1:31:13]} cxb3
{[%clk 1:21:43]} 14. axb3 {[%clk 1:31:36]} Nb7 {[%clk 1:14:14]} 15. b4
{[%clk 1:28:33]} Nd7 {[%clk 1:12:26]} 16. Be3 {[%clk 1:14:41]} Nb6
{[%clk 1:11:22]} 17. Na3 {[%clk 1:14:52]} Bd7 {[%clk 1:09:15]} 18. Nd2
{[%clk 1:13:22]} Bd8 {[%clk 1:01:15]} 19. c4 {[%clk 0:47:27]} bxc4
{[%clk 0:49:27]} 20. Bxb6 {[%clk 0:46:33]} Qxb6 {[%clk 0:49:52]} 21. Naxc4
{[%clk 0:46:58]} Qd4 {[%clk 0:40:40]} 22. Ba4 {[%clk 0:40:19]} Bxa4
{[%clk 0:32:17]} 23. Rxa4 {[%clk 0:32:45]} f5 {[%clk 0:26:07]} 24. Qa1
{[%clk 0:32:48]} Qa7 {[%clk 0:12:39]} 25. exf5 {[%clk 0:33:04]} Rxf5
{[%clk 0:12:37]} 26. Ne4 {[%clk 0:33:27]} Bc7 {[%clk 0:11:48]} 27. Re2
{[%clk 0:29:47]} Qd4 {[%clk 0:09:54]} 28. Qxd4 {[%clk 0:20:36]} exd4
{[%clk 0:10:23]} 29. Ng3 {[%clk 0:21:01]} d3 {[%clk 0:06:15]} 30. Re7
{[%clk 0:19:05]} Rf7 {[%clk 0:06:27]} 31. Re3 {[%clk 0:16:28]} d2
{[%clk 0:03:23]} 32. Nxd2 {[%clk 0:15:48]} Bb6 {[%clk 0:03:17]} 33. Re2
{[%clk 0:14:26]} Bd4 {[%clk 0:01:12]} 34. Nf3 {[%clk 0:14:20]} Bb6
{[%clk 0:01:01]} 35. Ng5 {[%clk 0:10:08]} Rf4 {[%clk 0:00:50]} 36. Ne6
{[%clk 0:04:17]} Rc4 {[%clk 0:00:42]} 37. Nf5 {[%clk 0:03:58]} a5
{[%clk 0:00:39]} 38. Nexg7 {[%clk 0:02:26]} Rac8 {[%clk 0:00:34]} 39. Nh5
{[%clk 0:02:07]} Rf8 {[%clk 0:00:39]} 40. Nh6+ {[%clk 0:30:51]} Kh8
{[%clk 0:31:05]} 41. Ra3 {[%clk 0:21:59]} Bxf2+ {[%clk 0:24:31]} 42. Kh2
{[%clk 0:16:25]} Bh4 {[%clk 0:19:50]} 43. bxa5 {[%clk 0:13:03]} Rcc8
{[%clk 0:17:59]} 44. a6 {[%clk 0:11:41]} Nc5 {[%clk 0:16:53]} 45. a7
{[%clk 0:11:35]} Ra8 {[%clk 0:16:53]} 46. g4 {[%clk 0:10:54]} Nd7
{[%clk 0:15:41]} 47. Nf5 {[%clk 0:10:18]} Bd8 {[%clk 0:15:23]} 48. Kg2
{[%clk 0:09:48]} Bb6 {[%clk 0:13:48]} 49. Re7 {[%clk 0:09:08]} Ne5
{[%clk 0:13:45]} 50. Rb3 {[%clk 0:06:19]} Nc4 {[%clk 0:10:39]} 51. Rb4
{[%clk 0:06:16]} Rac8 {[%clk 0:09:50]} 52. a8=Q {[%clk 0:05:59]} Rxa8
{[%clk 0:09:02]} 53. Rxc4 {[%clk 0:06:24]} Ra2+ {[%clk 0:09:19]} 54. Kg3
{[%clk 0:05:42]} Ra3+ {[%clk 0:08:51]} 55. Kf4 {[%clk 0:04:49]} Bd8
{[%clk 0:07:14]} 56. Re3 {[%clk 0:03:57]} Ra5 {[%clk 0:07:25]} 57. Rd3
{[%clk 0:03:46]} Bh4 {[%clk 0:05:19]} 58. Rc6 {[%clk 0:02:40]} 1-0

[Event "WCO 2016"]
[Site "?"]
[Date "2016.09.09"]
[Round "7"]
[Board "7"]
[WhiteID "4900227"]
[White "Uuriintuya Uurtsaikh"]
[BlackID "13700138"]
[Black "Zhylkaidarova Sholpan"]
[Result "1-0"]
[BlackElo "2162"]
[WhiteElo "2228"]
[LiveChessVersion "1.4.8"]

1. e4 {[%clk 1:30:57]} e6 {[%clk 1:30:47]} 2. d4 {[%clk 1:31:14]} d5
{[%clk 1:30:56]} 3. Nd2 {[%clk 1:31:33]} Be7 {[%clk 1:30:31]} 4. e5
{[%clk 1:31:46]} c5 {[%clk 1:30:29]} 5. c3 {[%clk 1:32:03]} Nc6 {[%clk 1:30:28]}
6. Bd3 {[%clk 1:32:22]} Bd7 {[%clk 1:30:03]} 7. Ne2 {[%clk 1:30:40]} f6
{[%clk 1:28:32]} 8. exf6 {[%clk 1:20:20]} Nxf6 {[%clk 1:27:39]} 9. Nf3
{[%clk 1:20:39]} O-O {[%clk 1:24:18]} 10. O-O {[%clk 1:15:36]} cxd4
{[%clk 1:22:15]} 11. cxd4 {[%clk 1:15:59]} Bd6 {[%clk 1:21:36]} 12. Bd2
{[%clk 1:06:53]} Ng4 {[%clk 1:08:10]} 13. Ng3 {[%clk 1:04:36]} e5
{[%clk 1:04:01]} 14. Qb3 {[%clk 0:56:22]} Ne7 {[%clk 0:53:59]} 15. h3
{[%clk 0:53:21]} Nh6 {[%clk 0:43:00]} 16. dxe5 {[%clk 0:51:15]} Bc7
{[%clk 0:42:54]} 17. Bxh6 {[%clk 0:48:38]} gxh6 {[%clk 0:43:12]} 18. Nh5
{[%clk 0:48:56]} Kh8 {[%clk 0:32:04]} 19. Nf6 {[%clk 0:39:36]} Bc6
{[%clk 0:30:06]} 20. Bxh7 {[%clk 0:26:20]} Bxe5 {[%clk 0:28:26]} 21. Nxe5
{[%clk 0:26:25]} Rxf6 {[%clk 0:28:50]} 22. Bc2 {[%clk 0:26:07]} Qg8
{[%clk 0:23:04]} 23. Ng4 {[%clk 0:25:12]} Rd6 {[%clk 0:22:06]} 24. Rae1
{[%clk 0:24:09]} Qg7 {[%clk 0:20:59]} 25. Qg3 {[%clk 0:21:57]} Rad8
{[%clk 0:19:04]} 26. Ne5 {[%clk 0:19:45]} Rf6 {[%clk 0:12:12]} 27. Ng4
{[%clk 0:18:08]} Rfd6 {[%clk 0:10:24]} 28. Re5 {[%clk 0:14:42]} Ng8
{[%clk 0:08:53]} 29. Rfe1 {[%clk 0:13:51]} d4 {[%clk 0:05:39]} 30. Bd3
{[%clk 0:13:38]} Bd5 {[%clk 0:05:07]} 31. b3 {[%clk 0:12:20]} Bf7
{[%clk 0:05:28]} 32. Rc5 {[%clk 0:09:56]} Bg6 {[%clk 0:03:55]} 33. Rec1
{[%clk 0:05:28]} Bxd3 {[%clk 0:03:34]} 34. Qxd3 {[%clk 0:05:57]} R6d7
{[%clk 0:03:34]} 35. Ne5 {[%clk 0:06:11]} Qh7 {[%clk 0:03:30]} 36. Qf3
{[%clk 0:03:56]} Re7 {[%clk 0:02:20]} 37. Rd5 {[%clk 0:02:38]} Rde8
{[%clk 0:01:41]} 38. Qg3 {[%clk 0:02:36]} Rg7 {[%clk 0:01:38]} 39. Qf4
{[%clk 0:02:47]} Ne7 {[%clk 0:01:07]} 40. Rd6 {[%clk 0:32:50]} Nf5
{[%clk 0:30:57]} 41. Rf6 {[%clk 0:32:58]} d3 {[%clk 0:14:14]} 42. Rxf5
{[%clk 0:33:00]} d2 {[%clk 0:14:23]} 43. Rd1 {[%clk 0:32:38]} 1-0